| 000 | 01952cam a22001934a 4500 | ||
|---|---|---|---|
| 005 | 20250605164144.0 | ||
| 008 | 250528s ||||||||||||||||||||||||d | ||
| 035 | _a19096 | ||
| 020 | _a9607643496 | ||
| 040 |
_aGR-AtMCL _bgre _dGR-AtMCL _eAACR2 |
||
| 245 | 1 | _aΕισαγωγή στην Οικονομική Ιστορία της Ευρώπης / Πανεπιστημιακό Εγχειρίδιο - 16ος - 20ος Αιώνας | |
| 260 |
_bΤυπωθήτω - Γιώργος Δαρδανός, _c1997 |
||
| 300 | _a440 | ||
| 520 | _aΤο παρόν εγχειρίδιο αποτελεί μια συνοπτική εικόνα της ευρωπαϊκής οικονομίας - και εμμέσως και της κοινωνίας - κατά τους Νεόυς Χρόνους και τη Σύγχρονη Εποχή, δηλαδή από τον 16ο έως τον 20ό αιώνα. Πρόλογος, Εισαγωγικά, Η Περίοδος του Εμπορικού Καπιταλισμού, Η Έξοδος των Ευρωπαίων, Η Οργάνωση του Εμπορίου, Η ''Κρίση'' του 17ου Αιώνα, Οι Βιομηχανικές Επαναστάσεις (Γένεση και Εξέλιξη του Βιομηχανικού Καπιταλισμού), Οικονομική Ανάπτυξη και Νέες Παγκόσμιες Ισορροπίες, Πληθυσμός και Παραγωγή και Κατανάλωση, Η Θεαματική Ανάπτυξη των Μεταφορικών Μέσων, Οι Αλλαγές στην Αγροτική Οικονομία, Ο Νέος Ρόλος και η Ανάπτυξη του Εμπορίου, Οι Πόλεμοι και οι Οικονομικές Κρίσεις, Ο Ρόλος του Νομίσματος και των Τραπεζών, Ευρετήριο. | ||
| 700 | 1 |
_aΚρεμμυδάς Βασίλης _92633 |
|
| 942 | _cBK | ||
| 999 |
_c4377 _d4377 |
||